00705nam a2200205 a 4500001000900000005001700009008003900026040001800065050002200083100001700105240006000122245008400182260004500266300002400311500002100335500003500356504003100391650003900422650003800461BRCA_34820190320202953.0880808s1988 kyua b 001 0 eng aDLCcDLCdDLC 4aNK4215b.L36 19881 aLehner, Lois10aEncyclopedia of U.S. Marks on Pottery, Porcelain & Clay10aLehner´s encyclopedia of U.S. marks on pottery, porcelain & claycLois Lehner. aPaducah, KentuckybCollector Booksc1988 a634 p.bil.c29 cm. aIncluye índice aDonación Consejo Británico aBibliografía: p. 588-60014aCerámicaxMarcaszEstados Unidos14aPorcelanaxMarcaszEstados Unidos